[Event "BL2-Sued 2223"]
[Site "Germany"]
[Date "2023.02.25"]
[Round "7.7"]
[White "Enzmann, Steffen"]
[Black "Philippe, Christophe"]
[Result "1-0"]
[WhiteElo "2142"]
[BlackElo "2382"]
[PlyCount "105"]
[EventDate "2022.10.22"]
[EventType "team-tourn"]
[EventRounds "9"]
[EventCountry "GER"]
[SourceTitle "EXT 2024"]
[Source "ChessBase"]
[SourceDate "2023.10.10"]
[SourceVersion "1"]
[SourceVersionDate "2023.10.10"]
[SourceQuality "1"]
[WhiteTeam "Heidesheim"]
[BlackTeam "Speyer Schwegenheim"]
[WhiteTeamCountry "GER"]
[BlackTeamCountry "GER"]

1. Nf3 g6 2. g3 Bg7 3. Bg2 c5 4. 0-0 Nc6 5. d3 e5 6. c3 Nge7 7. e4 0-0 8. Nh4 d6 9. f4 exf4 10. gxf4 f5 11. Nf3 h6 12. Qb3+ Kh7 13. Be3 b6 14. Rd1 Bb7 15. Na3 Rb8 16. Bf2 Na5 17. Qc2 a6 18. Bh4 Qc7 19. Rac1 Rbe8 20. b4 Nac6 21. b5 Na5 22. bxa6 Bxa6 23. Rb1 Nc8 24. exf5 Rxf5 25. Bg3 Re3 26. Nh4 Rf6 27. Be4 d5 28. Bxd5 Ne7 29. Be4 Nf5 30. Qf2 Rxe4 31. dxe4 Nxh4 32. Bxh4 Rxf4 33. Bg3 Rg4 34. Qf3 Rg5 35. Rd5 Be5 36. Rbd1 Bc8 37. Nb5 Qe7 38. Nd6 Bxd6 39. Rxg5 Nc4 40. Rgd5 Bxg3 41. Qxg3 Be6 42. Rd8 h5 43. Qf4 Bh3 44. R1d5 Be6 45. Qg5 Qg7 46. Re8 Bxd5 47. exd5 Nd6 48. Re7 Nf7 49. Qf4 Kg8 50. Qb8+ Kh7 51. Qe8 Qxc3 52. Qxf7+ Kh6 53. Qf4+ 1-0

[Event "BL2-Sued 2223"]
[Site "Germany"]
[Date "2022.11.27"]
[Round "4.7"]
[White "Trifan, Andrei Ioan"]
[Black "Enzmann, Steffen"]
[Result "1-0"]
[WhiteElo "2296"]
[BlackElo "2142"]
[PlyCount "45"]
[EventDate "2022.10.22"]
[EventType "team-tourn"]
[EventRounds "9"]
[EventCountry "GER"]
[SourceTitle "EXT 2024"]
[Source "ChessBase"]
[SourceDate "2023.10.10"]
[SourceVersion "1"]
[SourceVersionDate "2023.10.10"]
[SourceQuality "1"]
[WhiteTeam "Baden-Baden II"]
[BlackTeam "Heidesheim"]
[WhiteTeamCountry "GER"]
[BlackTeamCountry "GER"]

1. Nf3 c5 2. e3 g6 3. d4 Bg7 4. Be2 Nf6 5. 0-0 0-0 6. dxc5 Qc7 7. c4 Na6 8. Nc3 Nxc5 9. b4 Nce4 10. Bb2 Nxc3 11. Bxc3 d5 12. c5 Bf5 13. Rc1 Rad8 14. Qb3 Rfe8 15. Be5 Qc8 16. Rfd1 Be4 17. Nd4 Bh6 18. c6 bxc6 19. Nxc6 Qf5 20. Bxf6 Qxf6 21. Nxd8 Qg5 22. f3 Bf5 23. f4 1-0

[Event "BL2-Sued 2223"]
[Site "Germany"]
[Date "2022.10.23"]
[Round "2.8"]
[White "Enzmann, Steffen"]
[Black "Fish, Jonathan M"]
[Result "0-1"]
[WhiteElo "2142"]
[BlackElo "2101"]
[PlyCount "80"]
[EventDate "2022.10.22"]
[EventType "team-tourn"]
[EventRounds "9"]
[EventCountry "GER"]
[SourceTitle "EXT 2024"]
[Source "ChessBase"]
[SourceDate "2023.10.10"]
[SourceVersion "1"]
[SourceVersionDate "2023.10.10"]
[SourceQuality "1"]
[WhiteTeam "Heidesheim"]
[BlackTeam "Hofheim"]
[WhiteTeamCountry "GER"]
[BlackTeamCountry "GER"]

1. Nf3 d5 2. g3 g6 3. Bg2 Bg7 4. 0-0 e5 5. d3 Ne7 6. e4 0-0 7. Re1 dxe4 8. dxe4 b6 9. Nc3 Bb7 10. Bg5 Qe8 11. a4 Na6 12. Qe2 Nc5 13. Nb5 Ne6 14. Qc4 Ba6 15. Qb3 Nc6 16. c3 Na5 17. Qa3 Bxb5 18. axb5 Nxg5 19. Nxg5 Qxb5 20. Bf1 Qc6 21. Qb4 Rad8 22. Bb5 Qf6 23. Nh3 Qe6 24. Ng5 Qf6 25. Nh3 c6 26. Be2 Rd2 27. Qa3 c5 28. f4 Bh6 29. b4 Nc6 30. bxc5 exf4 31. cxb6 axb6 32. Nf2 fxg3 33. Ng4 gxh2+ 34. Kh1 Qh4 35. Rad1 Bg5 36. Qa4 Rxe2 37. Rxe2 Qxg4 38. Rg2 Qf3 39. Rb1 Ne5 40. Qb5 Bf4 0-1

[Event "Oberliga Sued W 2122"]
[Site "Germany"]
[Date "2022.06.26"]
[Round "5.6"]
[White "Thomas, Anysia"]
[Black "Enzmann, Steffen"]
[Result "1/2-1/2"]
[WhiteElo "2126"]
[BlackElo "2153"]
[PlyCount "56"]
[EventDate "2021.10.24"]
[EventType "team-tourn"]
[EventRounds "9"]
[EventCountry "GER"]
[SourceTitle "EXT 2023"]
[Source "ChessBase"]
[SourceDate "2022.10.05"]
[SourceVersion "1"]
[SourceVersionDate "2022.10.05"]
[SourceQuality "1"]
[WhiteTeam "Saarbruecken"]
[BlackTeam "Heidesheim"]
[WhiteTeamCountry "GER"]
[BlackTeamCountry "GER"]

1. d4 Nf6 2. c4 g6 3. Nc3 Bg7 4. e4 0-0 5. Nf3 d6 6. h3 c5 7. d5 a6 8. a4 e6 9. Bd3 Re8 10. Be3 Nbd7 11. 0-0 Rb8 12. Qd2 Nf8 13. Rab1 Bd7 14. Rfe1 Qc8 15. b4 exd5 16. exd5 Bxh3 17. gxh3 Qxh3 18. Nh2 Ng4 19. Nxg4 Qxg4+ 20. Kf1 Re5 21. Ne2 Qh3+ 22. Kg1 Nd7 23. Ng3 Nf6 24. bxc5 Ng4 25. cxd6 Qh2+ 26. Kf1 Qh3+ 27. Kg1 Qh2+ 28. Kf1 Qh3+ 1/2-1/2

[Event "Oberliga Sued W 2122"]
[Site "Germany"]
[Date "2021.10.24"]
[Round "1.6"]
[White "Enzmann, Steffen"]
[Black "Hoefer, Heijo1111"]
[Result "1-0"]
[WhiteElo "2154"]
[BlackElo "1886"]
[PlyCount "55"]
[EventDate "2021.10.24"]
[EventType "team-tourn"]
[EventRounds "9"]
[EventCountry "GER"]
[SourceTitle "EXT 2023"]
[Source "ChessBase"]
[SourceDate "2022.10.05"]
[SourceVersion "1"]
[SourceVersionDate "2022.10.05"]
[SourceQuality "1"]
[WhiteTeam "Heidesheim"]
[BlackTeam "Altenkirchen"]
[WhiteTeamCountry "GER"]
[BlackTeamCountry "GER"]

1. Nf3 d5 2. g3 Nf6 3. Bg2 e6 4. 0-0 Be7 5. d3 0-0 6. Nbd2 Nbd7 7. e4 c6 8. e5 Ne8 9. Re1 Nc7 10. Nf1 b6 11. h4 Bb7 12. N1h2 c5 13. d4 cxd4 14. Nxd4 Nc5 15. Qh5 Ne4 16. Bf4 Bc5 17. c3 Bxd4 18. cxd4 f6 19. f3 fxe5 20. Qxe5 Rxf4 21. Qxf4 Nf6 22. Bh3 Bc8 23. Rac1 e5 24. Qxe5 Bxh3 25. Qxc7 Qf8 26. Qe7 Qb8 27. Rc7 Ne8 28. Qf7+ 1-0

[Event "GER-ch Net blitz qual1"]
[Site "Playchess.com INT"]
[Date "2021.04.24"]
[Round "1"]
[White "Parvanyan, Ashot"]
[Black "Enzmann, Steffen"]
[Result "0-1"]
[WhiteElo "1620"]
[BlackElo "1999"]
[PlyCount "78"]
[EventDate "2021.04.24"]
[EventType "swiss (blitz)"]
[EventRounds "11"]
[EventCountry "GER"]
[SourceTitle "CBM 202 Extra"]
[Source "ChessBase"]
[SourceDate "2021.07.31"]
[SourceVersion "1"]
[SourceVersionDate "2021.07.31"]
[SourceQuality "1"]

1. Nf3 Nf6 2. c4 g6 3. Nc3 Bg7 4. e4 d6 5. d4 0-0 6. h3 Nbd7 7. Be3 e5 8. d5 b6 9. g4 a5 10. Be2 Nc5 11. Nd2 Ba6 12. h4 h5 13. gxh5 Nxh5 14. Bxh5 Nd3+ 15. Ke2 Nxb2 16. Qb3 Nxc4 17. Nxc4 a4 18. Qb4 gxh5 19. Kd2 f5 20. exf5 c5 21. Qxa4 e4 22. Qb3 b5 23. Nxb5 Qf6 24. a4 Bxb5 25. Qxb5 Qc3+ 26. Ke2 Qd3+ 27. Ke1 Rfb8 28. Qd7 Rb2 29. Qe6+ Kh8 30. Bd2 Qxc4 31. f6 Bh6 32. Rd1 Bxd2+ 33. Rxd2 Qc1+ 34. Rd1 Qc3+ 35. Kf1 Qc4+ 36. Kg2 Rg8+ 37. Kh3 Rxf2 38. f7 Qc3+ 39. Rd3 Qxd3# 0-1

[Event "Oberliga Sued W 1920"]
[Site "Germany"]
[Date "2019.11.24"]
[Round "3.3"]
[White "Gross, Georg"]
[Black "Enzmann, Steffen"]
[Result "1/2-1/2"]
[WhiteElo "2257"]
[BlackElo "2171"]
[PlyCount "116"]
[EventDate "2019.09.29"]
[EventType "team-tourn"]
[EventRounds "9"]
[EventCountry "GER"]
[SourceTitle "EXT 2021"]
[Source "ChessBase"]
[SourceDate "2020.10.23"]
[SourceVersion "1"]
[SourceVersionDate "2020.10.23"]
[SourceQuality "1"]

1. d4 Nf6 2. Nf3 g6 3. g3 Bg7 4. Bg2 0-0 5. 0-0 d6 6. c4 c6 7. h3 Be6 8. b3 h6 9. Nc3 d5 10. cxd5 cxd5 11. Ne5 Qc8 12. Na4 Bxh3 13. Ba3 Bxg2 14. Kxg2 b5 15. Nc5 a5 16. Qd3 b4 17. Bb2 Na6 18. Rfc1 Nxc5 19. Rxc5 Qb7 20. Rb5 Qa7 21. a3 Ne4 22. axb4 Bxe5 23. Raxa5 Qd7 24. dxe5 e6 25. f3 Ng5 26. Qd4 Rxa5 27. Rxa5 Rb8 28. Bc1 Qe7 29. Bd2 Qd7 30. Qh4 Kg7 31. Bxg5 hxg5 32. Qxg5 Qb7 33. Qf6+ Kg8 34. b5 Qb6 35. b4 Qe3 36. Ra2 Qb3 37. Ra7 Rf8 38. Qf4 Qb2 39. Kf2 d4 40. Rd7 Qxb4 41. Qxd4 Qxb5 42. Rd6 Qb1 43. Qh4 Qa1 44. Rd4 Qa5 45. Qg5 Rb8 46. Rd1 Qa4 47. Rd2 Qa1 48. Kg2 Qe1 49. Rc2 Qd1 50. Qd2 Qa1 51. Qf4 Qe1 52. Qc1 Qa5 53. Qe3 Kg7 54. Qf4 Qe1 55. Qc1 Qa5 56. Rc5 Qa2 57. Rc2 Qa5 58. Rc5 Qa2 1/2-1/2

[Event "Oberliga Sued W 1920"]
[Site "Germany"]
[Date "2019.10.20"]
[Round "2.3"]
[White "Enzmann, Steffen"]
[Black "Oliwa, Patryk"]
[Result "0-1"]
[WhiteElo "2171"]
[BlackElo "2224"]
[PlyCount "129"]
[EventDate "2019.09.29"]
[EventType "team-tourn"]
[EventRounds "9"]
[EventCountry "GER"]
[SourceTitle "EXT 2021"]
[Source "ChessBase"]
[SourceDate "2020.10.23"]
[SourceVersion "1"]
[SourceVersionDate "2020.10.23"]
[SourceQuality "1"]

1. Nf3 d5 2. g3 Nf6 3. Bg2 Nc6 4. 0-0 e5 5. d3 Be7 6. Nbd2 Bg4 7. c4 Qd7 8. cxd5 Nxd5 9. Nc4 Bf6 10. Qa4 Rd8 11. Na5 Nb6 12. Qa3 Be7 13. b4 Bxb4 14. Qb2 Bxf3 15. Bxf3 Nxa5 16. Qxb4 Nc6 17. Bxc6 Qxc6 18. Ba3 Nd5 19. Qg4 Nc3 20. Rfe1 Qe6 21. Qb4 Nd5 22. Qxb7 Kd7 23. Qb5+ Qc6 24. Qxc6+ Kxc6 25. Rec1+ Kb7 26. Rc5 Rhe8 27. Rac1 Rd7 28. R1c4 f6 29. Re4 Re6 30. Ra4 Rb6 31. Kg2 a6 32. Rac4 c6 33. Bc1 Nc7 34. Rc2 Ne6 35. R5c3 Nd4 36. Rd2 Rb1 37. e3 Nb5 38. Rc4 Kb6 39. a4 Nd6 40. Rc3 Ra1 41. Rb2+ Kc7 42. Rbc2 Rxa4 43. Rxc6+ Kb7 44. R6c3 Nb5 45. Rc4 Ra1 46. Bb2 Rd1 47. d4 exd4 48. exd4 Nxd4 49. Bxd4 R1xd4 50. Rb2+ Ka7 51. Rc8 Rb7 52. Re2 Ra4 53. Ree8 Ra2 54. Ra8+ Kb6 55. Re6+ Kb5 56. Re4 Kc6 57. Re6+ Kb5 58. Re1 Kc5 59. Rc1+ Kd6 60. Rd8+ Ke6 61. Re1+ Kf5 62. Re3 Rb5 63. h3 a5 64. Rh8 Kg6 65. g4 0-1

[Event "Oberliga Sued W 1920"]
[Site "Germany"]
[Date "2019.09.29"]
[Round "1.4"]
[White "Enzmann, Steffen"]
[Black "Heidorn, Oliver"]
[Result "1-0"]
[WhiteElo "2171"]
[BlackElo "2116"]
[PlyCount "77"]
[EventDate "2019.09.29"]
[EventType "team-tourn"]
[EventRounds "9"]
[EventCountry "GER"]
[SourceTitle "EXT 2021"]
[Source "ChessBase"]
[SourceDate "2020.10.23"]
[SourceVersion "1"]
[SourceVersionDate "2020.10.23"]
[SourceQuality "1"]

1. Nf3 d5 2. g3 Nf6 3. Bg2 g6 4. 0-0 Bg7 5. d3 0-0 6. c3 c6 7. Nbd2 Re8 8. d4 Nbd7 9. e4 Nxe4 10. Nxe4 dxe4 11. Ng5 Nf6 12. Nxe4 Nxe4 13. Bxe4 Bh3 14. Re1 e6 15. a4 h5 16. a5 Qc7 17. Qb3 Rab8 18. Qc4 Rbc8 19. a6 b6 20. Bg5 Kh7 21. Qe2 f5 22. Bf3 e5 23. dxe5 Bxe5 24. Qc4 f4 25. gxf4 b5 26. Qxc6 Qxc6 27. Bxc6 Rxc6 28. fxe5 Ree6 29. Ra5 Rc4 30. f3 b4 31. Rb5 bxc3 32. Rb7+ Kg8 33. Rd1 Re8 34. Rd6 Bf5 35. bxc3 Rxc3 36. Rxa7 Rxf3 37. Bf6 Bh3 38. Rd1 Bg4 39. Rb1 1-0

[Event "Verbandsliga Nordbaden 1718"]
[Site "Baden"]
[Date "2018.03.11"]
[Round "7.2"]
[White "Enzmann, Steffen"]
[Black "Pfleger, Michael"]
[Result "0-1"]
[WhiteElo "2171"]
[BlackElo "2202"]
[PlyCount "126"]
[EventDate "2017.10.08"]
[EventType "team-tourn"]
[EventRounds "9"]
[EventCountry "GER"]
[SourceTitle "EXT 2019"]
[Source "ChessBase"]
[SourceDate "2018.10.10"]
[SourceVersion "1"]
[SourceVersionDate "2018.10.10"]
[SourceQuality "1"]
[WhiteTeam "Lindenhof"]
[BlackTeam "Bad Mergentheim II"]
[WhiteTeamCountry "GER"]
[BlackTeamCountry "GER"]

1. Nf3 d5 2. g3 Nc6 3. Bg2 e5 4. d3 Be7 5. 0-0 e4 6. Nfd2 exd3 7. cxd3 Nf6 8. a3 a5 9. Nc3 0-0 10. e4 Bg4 11. Qa4 d4 12. Nb5 Ne5 13. Qxd4 Qxd4 14. Nxd4 Nxd3 15. h3 Bd7 16. Nc4 b5 17. e5 bxc4 18. exf6 Bxf6 19. Bxa8 Rxa8 20. Be3 Bxh3 21. Rfd1 c5 22. Nb5 h6 23. Rd2 Rb8 24. a4 Nxb2 25. Bxc5 c3 26. Rc2 Nxa4 27. Bd4 Bf5 28. Rcc1 Rxb5 29. Bxf6 gxf6 30. Rxa4 c2 31. Kf1 Re5 32. f4 Rd5 33. Ke1 h5 34. Raa1 Kg7 35. Kf2 Kg6 36. Ke3 Kh6 37. Kf2 Be4 38. Ra3 f5 39. Ke2 Kg6 40. Raa1 Kf6 41. Ra3 Ke6 42. Ke3 Kd6 43. Ra4 Rd3+ 44. Ke2 Rxg3 45. Rxa5 h4 46. Ra6+ Ke7 47. Rh6 h3 48. Ra1 Ra3 49. Rc1 Kf8 50. Rh8+ Kg7 51. Rh4 Rg3 52. Kf1 Rd3 53. Ke1 Rb3 54. Ke2 Ra3 55. Rg1+ Kf6 56. Rh6+ Ke7 57. Rc1 f6 58. Rg1 Ke6 59. Rh8 h2 60. Rxh2 c1Q 61. Rxc1 Ra2+ 62. Ke3 Rxh2 63. Rf1 Rh3+ 0-1

[Event "Verbandsliga Nordbaden 1718"]
[Site "Baden"]
[Date "2018.01.14"]
[Round "4.2"]
[White "Dudek, Richard"]
[Black "Enzmann, Steffen"]
[Result "1-0"]
[WhiteElo "2231"]
[BlackElo "2171"]
[PlyCount "59"]
[EventDate "2017.10.08"]
[EventType "team-tourn"]
[EventRounds "9"]
[EventCountry "GER"]
[SourceTitle "EXT 2019"]
[Source "ChessBase"]
[SourceDate "2018.10.10"]
[SourceVersion "1"]
[SourceVersionDate "2018.10.10"]
[SourceQuality "1"]
[WhiteTeam "Eppingen II"]
[BlackTeam "Lindenhof"]
[WhiteTeamCountry "GER"]
[BlackTeamCountry "GER"]

1. e4 c5 2. Nc3 Nc6 3. g3 g6 4. Bg2 Bg7 5. d3 d6 6. Be3 e6 7. Qd2 Rb8 8. Nge2 b6 9. 0-0 h5 10. h3 Nge7 11. f4 d5 12. f5 d4 13. f6 Bxf6 14. Rxf6 dxe3 15. Qxe3 Nd4 16. Qf4 Nxc2 17. Rf1 Rb7 18. Rxf7 Nd4 19. Nxd4 Qxd4+ 20. Kh2 h4 21. Nb5 hxg3+ 22. Qxg3 Qxb2 23. Nd6+ Kd7 24. Nxb7 Bxb7 25. Rxe7+ Kxe7 26. Qc7+ Ke8 27. Qxb7 Rxh3+ 28. Kxh3 Qh8+ 29. Kg3 Qe5+ 30. Rf4 1-0

[Event "Oberliga Sued W 1415"]
[Site "Germany"]
[Date "2015.03.15"]
[Round "8.6"]
[White "Enzmann, Steffen"]
[Black "Traub, Boris"]
[Result "0-1"]
[WhiteElo "2153"]
[BlackElo "2270"]
[PlyCount "54"]
[EventDate "2014.09.21"]
[EventType "team-tourn"]
[EventRounds "9"]
[EventCountry "GER"]
[SourceTitle "EXT 2019"]
[Source "ChessBase"]
[SourceDate "2018.10.10"]
[SourceVersion "1"]
[SourceVersionDate "2018.10.10"]
[SourceQuality "1"]
[WhiteTeam "Heidesheim"]
[BlackTeam "Illingen Turm"]
[WhiteTeamCountry "GER"]
[BlackTeamCountry "GER"]

1. Nf3 d5 2. g3 Nf6 3. Bg2 c6 4. 0-0 Bg4 5. d3 e6 6. b3 Nbd7 7. Bb2 Bc5 8. e4 0-0 9. e5 Ne8 10. Qe1 a5 11. Nbd2 a4 12. h3 Bh5 13. Kh2 Qa5 14. g4 Bg6 15. a3 axb3 16. Nxb3 Qxe1 17. Raxe1 Nc7 18. Nxc5 Nxc5 19. Rb1 Nb5 20. Nh4 Rfb8 21. Nxg6 hxg6 22. c4 dxc4 23. dxc4 Nxa3 24. Bxa3 Rxa3 25. Bxc6 Nb3 26. Ba4 Nd2 27. Ra1 Nxf1+ 0-1

[Event "Oberliga Sued W 1415"]
[Site "Germany"]
[Date "2014.11.09"]
[Round "3.5"]
[White "Enzmann, Steffen"]
[Black "Lang, Torsten"]
[Result "0-1"]
[WhiteElo "2153"]
[BlackElo "2328"]
[PlyCount "52"]
[EventDate "2014.09.21"]
[EventType "team-tourn"]
[EventRounds "9"]
[EventCountry "GER"]
[SourceTitle "EXT 2019"]
[Source "ChessBase"]
[SourceDate "2018.10.10"]
[SourceVersion "1"]
[SourceVersionDate "2018.10.10"]
[SourceQuality "1"]
[WhiteTeam "Heidesheim"]
[BlackTeam "Landau"]
[WhiteTeamCountry "GER"]
[BlackTeamCountry "GER"]

1. Nf3 g6 2. g3 Bg7 3. Bg2 Nf6 4. 0-0 0-0 5. d3 d5 6. c3 Nc6 7. Qa4 e5 8. Na3 Re8 9. e4 h6 10. Nh4 Be6 11. f4 exf4 12. gxf4 Nxe4 13. dxe4 Qxh4 14. Qb5 dxe4 15. Qxb7 Bd5 16. Qb5 Ne7 17. Nc2 Rab8 18. Qc5 f5 19. Ne3 Bf7 20. Qxa7 c6 21. Qc5 Nd5 22. Qxc6 Nxf4 23. Rf2 Nd3 24. Rd2 Qe1+ 25. Nf1 Nxc1 26. Rd7 Rxb2 0-1

[Event "Oberliga Sued W 1112"]
[Site "Germany"]
[Date "2012.02.05"]
[Round "6"]
[White "Enzmann, Steffen"]
[Black "Kuhn, Patrick"]
[Result "1-0"]
[WhiteElo "2135"]
[BlackElo "2094"]
[PlyCount "47"]
[EventDate "2011.09.25"]
[EventType "team-tourn"]
[EventRounds "9"]
[EventCountry "GER"]
[SourceTitle "EXT 2013"]
[Source "ChessBase"]
[SourceDate "2012.11.22"]
[SourceVersion "1"]
[SourceVersionDate "2012.11.22"]
[SourceQuality "1"]
[WhiteTeam "Heidesheim"]
[BlackTeam "Illingen"]
[WhiteTeamCountry "GER"]
[BlackTeamCountry "GER"]

1. Nf3 Nf6 2. g3 g6 3. Bg2 Bg7 4. 0-0 0-0 5. d3 d6 6. c3 Nc6 7. Qa4 e5 8. Nbd2 Bd7 9. Qb3 Rb8 10. e4 Ne8 11. Nc4 Be6 12. Ng5 Na5 13. Qa4 Bxc4 14. dxc4 Nc6 15. Rd1 Qe7 16. b4 Ra8 17. Be3 f5 18. exf5 gxf5 19. Bd5+ Kh8 20. Ne6 Rf7 21. b5 f4 22. bxc6 b5 23. Qxb5 fxe3 24. Qb7 1-0

[Event "Oberliga Sued W 1112"]
[Site "Germany"]
[Date "2011.11.13"]
[Round "3"]
[White "Gruenter, Martin"]
[Black "Enzmann, Steffen"]
[Result "1/2-1/2"]
[WhiteElo "2241"]
[BlackElo "2135"]
[PlyCount "140"]
[EventDate "2011.09.25"]
[EventType "team-tourn"]
[EventRounds "9"]
[EventCountry "GER"]
[SourceTitle "EXT 2013"]
[Source "ChessBase"]
[SourceDate "2012.11.22"]
[SourceVersion "1"]
[SourceVersionDate "2012.11.22"]
[SourceQuality "1"]
[WhiteTeam "Schott Mainz II"]
[BlackTeam "Heidesheim"]
[WhiteTeamCountry "GER"]
[BlackTeamCountry "GER"]

1. e4 d5 2. exd5 c6 3. d4 cxd5 4. Bd3 g6 5. c3 Bg7 6. Bf4 Nc6 7. h3 Nf6 8. Nd2 e5 9. Bxe5 Nxe5 10. dxe5 Nd7 11. Qe2 0-0 12. f4 Nc5 13. Ngf3 Qb6 14. Nb3 Nxb3 15. axb3 f6 16. b4 fxe5 17. fxe5 Bf5 18. Ra5 Rad8 19. Rc5 Kh8 20. 0-0 Rc8 21. Bxf5 Rxc5 22. bxc5 Qxc5+ 23. Nd4 Rxf5 24. Rxf5 gxf5 25. e6 Bxd4+ 26. cxd4 Qxd4+ 27. Kh1 Qa4 28. Qe5+ Kg8 29. Qb8+ Kg7 30. Qxb7+ Kh6 31. Qxd5 Qa1+ 32. Kh2 Qxb2 33. Qxf5 Qb8+ 34. Kh1 Qb2 35. Qf4+ Kg6 36. Qf7+ Kh6 37. Qxa7 Qe2 38. Qf7 Qe1+ 39. Kh2 Qe5+ 40. Kg1 Qe1+ 41. Kh2 Qe5+ 42. g3 Qe2+ 43. Kg1 Qe1+ 44. Kg2 Qe2+ 45. Qf2 Qxe6 46. Qf4+ Kg6 47. Qd2 Qe4+ 48. Kh2 Qe6 49. Qd3+ Kh6 50. g4 Qe5+ 51. Kg2 Qb2+ 52. Kf3 Qh2 53. Qa6+ Kg7 54. Qb7+ Kg8 55. Qc8+ Kf7 56. Qd7+ Kf8 57. Qd8+ Kf7 58. Qd7+ Kg6 59. Qe6+ Kg7 60. Qe7+ Kg6 61. Qe6+ Kg7 62. Qd7+ Kg6 63. Qf5+ Kg7 64. g5 Qh1+ 65. Kf4 Qf1+ 66. Kg4 Qe2+ 67. Qf3 Qe6+ 68. Kh4 Qe1+ 69. Kg4 Qe6+ 70. Kf4 Qd6+ 1/2-1/2

[Event "Oberliga Sued W 1112"]
[Site "Germany"]
[Date "2011.10.23"]
[Round "2"]
[White "Nazarenus, Olaf"]
[Black "Enzmann, Steffen"]
[Result "0-1"]
[WhiteElo "2046"]
[BlackElo "2135"]
[PlyCount "78"]
[EventDate "2011.09.25"]
[EventType "team-tourn"]
[EventRounds "9"]
[EventCountry "GER"]
[SourceTitle "EXT 2013"]
[Source "ChessBase"]
[SourceDate "2012.11.22"]
[SourceVersion "1"]
[SourceVersionDate "2012.11.22"]
[SourceQuality "1"]
[WhiteTeam "Worms"]
[BlackTeam "Heidesheim"]
[WhiteTeamCountry "GER"]
[BlackTeamCountry "GER"]

1. c4 b6 2. d4 e6 3. Nc3 Bb7 4. e4 Bb4 5. Bd3 f5 6. Qe2 Nf6 7. f3 fxe4 8. fxe4 Bxc3+ 9. bxc3 Nxe4 10. d5 Qh4+ 11. g3 Nxg3 12. hxg3 Qxh1 13. Be3 0-0 14. 0-0-0 exd5 15. Qg4 d4 16. cxd4 Bf3 17. Nxf3 Qxf3 18. Qxf3 Rxf3 19. Be4 Rxe3 20. Bxa8 Rxg3 21. Bd5+ Kf8 22. Rf1+ Ke7 23. Kb2 Nc6 24. Rf4 Nb4 25. Re4+ Kd6 26. Bg8 h6 27. a3 Nd3+ 28. Kc2 g5 29. Bf7 Nf4 30. a4 h5 31. Re8 h4 32. Rh8 h3 33. Rh7 Rg2+ 34. Kb3 h2 35. Be8 Rg3+ 36. Kb4 Rh3 37. Rxd7+ Ke6 38. d5+ Ke5 39. Re7+ Kd4 0-1

[Event "Oberliga Sued W 1011"]
[Site "Germany"]
[Date "2011.03.20"]
[Round "8.5"]
[White "Enzmann, Steffen"]
[Black "Gypser, Andreas"]
[Result "0-1"]
[WhiteElo "2069"]
[BlackElo "2127"]
[PlyCount "66"]
[EventDate "2010.10.10"]
[EventType "team-tourn"]
[EventRounds "9"]
[EventCountry "GER"]
[SourceTitle "EXT 2012"]
[Source "ChessBase"]
[SourceDate "2011.11.24"]
[SourceVersion "1"]
[SourceVersionDate "2011.11.24"]
[SourceQuality "1"]
[WhiteTeam "Heidesheim"]
[BlackTeam "Ludwigshafen"]
[WhiteTeamCountry "GER"]
[BlackTeamCountry "GER"]

1. Nf3 d5 2. g3 Nf6 3. Bg2 e6 4. 0-0 Be7 5. d3 c5 6. Nbd2 Nc6 7. e4 0-0 8. Re1 b5 9. e5 Nd7 10. Nf1 a5 11. a3 Ba6 12. h4 b4 13. N1h2 bxa3 14. bxa3 Rb8 15. Ng4 Nd4 16. Nxd4 cxd4 17. f4 Qc7 18. f5 exf5 19. Bf4 fxg4 20. Qxg4 Qc6 21. e6 Nf6 22. Qf5 Rb6 23. exf7+ Rxf7 24. Bh3 Qxc2 25. Rac1 Qxd3 26. Qe5 Qxa3 27. Rc7 d3 28. Be6 Rxe6 29. Qxe6 d2 30. Rd1 Qf3 31. Rxd2 Qf1+ 32. Kh2 h5 33. Rxe7 Ng4+ 0-1

[Event "Oberliga Sued W 1011"]
[Site "Germany"]
[Date "2010.11.14"]
[Round "3.7"]
[White "Kopp, Nico"]
[Black "Enzmann, Steffen"]
[Result "0-1"]
[WhiteElo "2021"]
[BlackElo "2069"]
[PlyCount "36"]
[EventDate "2010.10.10"]
[EventType "team-tourn"]
[EventRounds "9"]
[EventCountry "GER"]
[SourceTitle "EXT 2012"]
[Source "ChessBase"]
[SourceDate "2011.11.24"]
[SourceVersion "1"]
[SourceVersionDate "2011.11.24"]
[SourceQuality "1"]
[WhiteTeam "Landau"]
[BlackTeam "Heidesheim"]
[WhiteTeamCountry "GER"]
[BlackTeamCountry "GER"]

1. e4 c5 2. c3 b6 3. d4 Bb7 4. Bd3 d6 5. Nf3 Nd7 6. 0-0 g6 7. Re1 Bg7 8. Nbd2 Qc7 9. a4 cxd4 10. cxd4 e5 11. Nc4 Ne7 12. b3 exd4 13. Ba3 Nc5 14. e5 dxe5 15. Ncxe5 0-0 16. Rc1 a5 17. Bb2 Rad8 18. Bxd4 Bxf3 0-1

[Event "Oberliga Sued W 0910"]
[Site "Germany"]
[Date "2010.02.07"]
[Round "6.4"]
[White "Enzmann, Steffen"]
[Black "Mueller, Denis"]
[Result "0-1"]
[WhiteElo "2158"]
[BlackElo "1922"]
[PlyCount "117"]
[EventDate "2009.10.18"]
[EventType "team-tourn"]
[EventRounds "9"]
[EventCountry "GER"]
[SourceTitle "EXT 2011"]
[Source "ChessBase"]
[SourceDate "2010.11.26"]
[SourceVersion "1"]
[SourceVersionDate "2010.11.26"]
[SourceQuality "1"]
[WhiteTeam "Heidesheim"]
[BlackTeam "Wadgassen/Differten"]
[WhiteTeamCountry "GER"]
[BlackTeamCountry "GER"]

1. Nf3 Nf6 2. g3 g6 3. Bg2 Bg7 4. 0-0 0-0 5. c3 d6 6. d3 e5 7. Qa4 h6 8. Nbd2 Nc6 9. e4 Be6 10. d4 exd4 11. Nxd4 Bd7 12. Qb3 Qc8 13. f4 Bh3 14. Re1 Bxg2 15. Kxg2 Re8 16. Qc2 Nxd4 17. cxd4 c5 18. dxc5 Qc6 19. Nf3 Rxe4 20. Rxe4 Nxe4 21. Be3 Re8 22. Re1 dxc5 23. a4 b6 24. b4 Bc3 25. b5 Qb7 26. Re2 Bg7 27. Bc1 f5 28. Bb2 Bxb2 29. Qxb2 Qd5 30. h4 Qd3 31. Qc2 Rd8 32. Qxd3 Rxd3 33. a5 Rb3 34. axb6 axb6 35. Ra2 Rxb5 36. Ra8+ Kg7 37. Ne5 Rb2+ 38. Kf3 Rb3+ 39. Ke2 Nxg3+ 40. Kd1 Rb4 41. Ra7+ Kf6 42. Nd7+ Ke6 43. Nf8+ Kd5 44. Nxg6 b5 45. Kc2 Re4 46. Rd7+ Kc6 47. Rh7 Re2+ 48. Kd1 Ra2 49. Rxh6 c4 50. h5 c3 51. Ne5+ Kd5 52. Rc6 Rd2+ 53. Ke1 Re2+ 54. Kd1 c2+ 55. Kc1 Nxh5 56. Rb6 Kc5 57. Rc6+ Kd4 58. Nf3+ Ke4 59. Rc3 0-1